Statistics for Out Vocabulary Words Quiz

Click here to take the quiz!

General Stats

  • This quiz has been taken 27,098 times
    (17,531 since last reset)
  • The average score is 14 of 20

Answer Stats

Definition Word % Correct
Rural Australian areaOutback
96%
Person who leaves school without graduatingDropout
90%
Exercise sessionWorkout
88%
Matching set of clothingOutfit
87%
Blooper reel materialOuttake
84%
Outdoor toilet buildingOuthouse
83%
Refers to a medical procedure
that doesn't require a hospital stay
Outpatient
78%
Gradual reduction in volume at the
end of a song
Fadeout
78%
CriminalOutlaw
77%
Gun battleShootout
77%
Financial rescue by the governmentBailout
75%
Edges of a cityOutskirts
75%
AuditionTryout
75%
Remote military stationOutpost
71%
Airborne radioactive debrisFallout
68%
Person who compromises their
integrity for money
Sellout
68%
Baseball bench areaDugout
66%
External, detachable boat motorOutboard
58%
Canoe stabilizerOutrigger
31%
Opposite of a labor strikeLockout
19%

Score Distribution

Percentile by Number Answered

Percent of People with Each Score

Your Score History

You have not taken this quiz since the last reset